Etika audítora podľa európskej legislatívy

Záväznosť smerníc Európskej únie pre Slovenskú republiku. Od1.1.2007 nadobudla účinnosť Smernica parlamentu a Rady 2006/43/ES zo 17.5.2006 o štatutárnom audite účtovných závierok a konsolidovaných závierok, ktorou sa menia a dopĺňajú smernica Rady 78/660/EHS a ktorou sa zrušuje smernica 84/253/EHS (...

Descripción completa

Guardado en:
Detalles Bibliográficos
Autor principal: Hvoždarová, Jana
Formato: Capítulo de libro
Lenguaje:eslovaco
Materias:
Etiquetas: Agregar Etiqueta
Sin Etiquetas, Sea el primero en etiquetar este registro!

MARC

LEADER 00000naa$a2200000$$$4500
001 0058388
005 20240502071644.2
041 0 |a slo 
044 |a SK 
245 1 0 |a Etika audítora podľa európskej legislatívy  |c Jana Hvoždarová 
520 |a Záväznosť smerníc Európskej únie pre Slovenskú republiku. Od1.1.2007 nadobudla účinnosť Smernica parlamentu a Rady 2006/43/ES zo 17.5.2006 o štatutárnom audite účtovných závierok a konsolidovaných závierok, ktorou sa menia a dopĺňajú smernica Rady 78/660/EHS a ktorou sa zrušuje smernica 84/253/EHS ( novelizovaná smernica EÚ). 
610 2 0 |a legislatíva 
610 2 0 |a Európska únia 
610 2 0 |a smernice 
610 2 0 |a závierka účtovná 
610 2 0 |a audit 
100 1 |a Hvoždarová, Jana